Worlds LOL teams/players winners - Statistiques

Statistiques générales
  • Ce quiz a été pris 288 fois
    82 depuis la dernière actualisation
  • Le résultat moyen est 38 sur 69
Statistiques - réponses
Réponse % Correct
Faker
100%
Keria
98%
Gumayusi
97%
Oner
97%
Zeus
97%
Doran
95%
SKT T1
92%
T1
92%
Fnatic
89%
DRX
82%
Ruler
82%
Deft
78%
Invictus gaming
78%
Canyon
77%
FPX
77%
Samsung white
77%
Showmaker
77%
Zeka
77%
Beryl
75%
Damwon
75%
Samsung Galaxy
74%
Bang
71%
Wolf
71%
Bengi
69%
Edward gaming
68%
Viper
68%
Kingen
66%
TheShy
66%
Marin
63%
JackeyLove
62%
Pyosik
62%
Nuguri
58%
Rookie
58%
Taipei assassins
58%
DoinB
55%
Scout
55%
Flandre
54%
xPeke
54%
Ghost
52%
Ambition
49%
Crown
49%
Meiko
49%
CoreJJ
45%
Jiejie
45%
Duke
43%
Shushei
43%
Mata
42%
Imp
40%
Tian
40%
Crisp
38%
Impact
37%
PoohManDu
35%
CuVee
34%
Baolan
29%
Lwx
29%
Cyanide
28%
Piglet
28%
Ning
26%
PawN
25%
GimGoon
23%
Dandy
17%
Looper
15%
Toyz
15%
Bebe
12%
Lilballz
12%
LamiaZealot
11%
Mistake
11%
Melissan
9%
Stanley
9%
Aucun quiz correspondant
Distribution des résultats
% des personnes avec chaque résultat
Percentile par nombre de réponses
Votre historique - résultats
Vous n’avez pas pris ce quiz depuis la dernière actualisation